প্রাণিদের গল্প / (Record no. 909)
[ view plain ]
| 000 -LEADER | |
|---|---|
| fixed length control field | 00714nam a2200229 a 4500 |
| 001 - CONTROL NUMBER | |
| JCCL Control Number | 909 |
| 003 - CONTROL NUMBER IDENTIFIER | |
| JCCL marc code | BD-JhCC |
| 005 - DATE AND TIME OF LATEST TRANSACTION | |
| control field | 20180724134013.0 |
| 008 - FIXED-LENGTH DATA ELEMENTS--GENERAL INFORMATION | |
| fixed length control field | 171011s2008 bg ||||| |||| 00| 0 ben d |
| 020 ## - INTERNATIONAL STANDARD BOOK NUMBER | |
| International Standard Book Number | 9847013800231 |
| 035 ## - SYSTEM CONTROL NUMBER | |
| system control number | (BD-JhCC)909 |
| 040 ## - CATALOGING SOURCE | |
| Original cataloging agency | BD-JhCC |
| Modifying agency | BD-JhCC |
| 041 ## - LANGUAGE CODE | |
| Language code of Book | ben |
| 082 ## - DEWEY DECIMAL CLASSIFICATION NUMBER | |
| Classification number | 590 |
| Author mark and Year | KAR 2008 |
| 100 ## - MAIN ENTRY--PERSONAL NAME | |
| Personal name | করিম, কে. এন. শাহজাহান |
| 245 ## - TITLE STATEMENT | |
| Title | প্রাণিদের গল্প / |
| Statement of responsibility, etc | কে. এন. শাহজাহান করিম |
| 260 ## - PUBLICATION, DISTRIBUTION, ETC. (IMPRINT) | |
| Place of publication, distribution, etc | ঢাকাঃ |
| Name of publisher, distributor, etc | বিদ্যা প্রকাশনী, |
| Date of publication, distribution, etc | 2008 |
| 300 ## - PHYSICAL DESCRIPTION | |
| Pagination | 122 p. : |
| Dimensions | 21 cm. |
| 650 ## - SUBJECT ADDED ENTRY--TOPICAL TERM | |
| Topical term or geographic name as entry element | Short Stories Bengali |
| Geographic subdivision | Bangladesh |
| 942 ## - ADDED ENTRY ELEMENTS (KOHA) | |
| Source of classification or shelving scheme | Dewey Decimal Classification |
| Koha item type | Books |
| Koha issues (borrowed), all copies | 1 |
| Source of classification or shelving scheme | Damaged status | Not for loan | Home library | Current library | Shelving location | Date of accession | Cost, normal purchase price | Total Checkouts | Full call number | Barcode | Date last seen | Date checked out | Copy number | Koha item type |
|---|---|---|---|---|---|---|---|---|---|---|---|---|---|---|
| Dewey Decimal Classification | JCC Rouf Library | JCC Rouf Library | General Stacks | 10/11/2017 | 50.00 | 1 | 590 KAR 2008 | 1734 | 08/08/2018 | 07/24/2018 | C-1 | Books |